000
00288nam a22001337a 4500
008
170824b xxu||||| |||| 00| 0 eng d
020
_a
9780867202427
041
_a
eng
080
_a
514
100
_a
38
101
_a
MAT
245
_a
REIMMANNIAN GEOMETRY
_c
MORGAN,F
942
_2
udc
_c
BK
999
_c
24773
_d
24773